000 00484 a2200169 4500
005 20250501091412.0
020 _a0-07-290999-4
082 _a658.15 BRE
100 _aBREALEY, R. A.
245 _aPrinciples of Corporate Finance
250 _a6th Ed
260 _aNew York,
_bMcGraw- Hill,
_c2000.
300 _aXvii, 1093p.: ill.; figure, table
_bGlossary & Index
_c25cm.
700 _aMYERS, S. C.
856 _yAccess Online Book
_fFinance
_dhttp://www.mhhe.com
942 _2ddc
_cBKS
999 _c1876
_d1876